Words That End in "King" - Statistics

General Stats
  • This quiz has been taken 16 times
  • The average score is 67 of 282
Answer Stats
# Words % Correct
B Backing
73%
B Baking
73%
P Pocking
73%
P Poking
73%
T Tacking
73%
L Licking
67%
J Jocking
60%
J Joking
60%
P Pucking
60%
W Whacking
60%
B Banking
53%
C Cracking
53%
C Creaking
53%
F Faking
53%
L Lacking
53%
P Peeking
53%
P Picking
53%
R Racking
53%
R Ranking
53%
S Sacking
53%
S Shacking
53%
S Shaking
53%
S Slacking
53%
T Taking
53%
B Breaking
47%
C Cranking
47%
D Decking
47%
F Flaking
47%
H Hacking
47%
I Inking
47%
K King
47%
P Packing
47%
R Raking
47%
R Reeking
47%
S Seeking
47%
S Shocking
47%
S Smocking
47%
S Smoking
47%
S Soaking
47%
S Stacking
47%
S Stocking
47%
W Waking
47%
W Wrecking
47%
A Asking
40%
B Biking
40%
B Blinking
40%
C Choking
40%
C Clicking
40%
C Cooking
40%
D Docking
40%
D Ducking
40%
H Hocking
40%
L Leaking
40%
L Linking
40%
L Lucking
40%
M Making
40%
M Mocking
40%
P Peaking
40%
P Pricking
40%
P Puking
40%
S Sicking
40%
S Smacking
40%
T Tanking
40%
T Ticking
40%
T Tucking
40%
W Walking
40%
W Winking
40%
W Working
40%
Y Yanking
40%
B Basking
33%
B Blocking
33%
B Bonking
33%
B Booking
33%
B Braking
33%
B Bunking
33%
C Checking
33%
C Cocking
33%
D Drinking
33%
D Dunking
33%
F Flocking
33%
F Freaking
33%
H Hooking
33%
J Jacking
33%
K Kicking
33%
L Laking
33%
L Larking
33%
L Locking
33%
M Marking
33%
M Milking
33%
M Mucking
33%
P Pecking
33%
R Rocking
33%
S Sharking
33%
S Sinking
33%
S Sticking
33%
S Stinking
33%
S Sucking
33%
T Talking
33%
W Wanking
33%
W Weaking
33%
Y Yacking
33%
Y Yucking
33%
B Barking
27%
B Beaking
27%
B Broking
27%
C Clacking
27%
C Coking
27%
C Crooking
27%
D Darking
27%
D Duking
27%
H Hiking
27%
H Honking
27%
H Husking
27%
K Knocking
27%
L Looking
27%
M Masking
27%
N Necking
27%
N Nuking
27%
P Parking
27%
P Pinking
27%
R Rinking
27%
R Risking
27%
S Shucking
27%
S Silking
27%
S Slicking
27%
S Snacking
27%
S Socking
27%
S Speaking
27%
S Spoking
27%
S Staking
27%
T Tasking
27%
T Thinking
27%
T Tracking
27%
T Tricking
27%
V Viking
27%
W Weeking
27%
B Balking
20%
B Becking
20%
B Bricking
20%
B Bucking
20%
B Busking
20%
C Cacking
20%
C Caking
20%
C Chucking
20%
C Cloaking
20%
C Clucking
20%
C Croaking
20%
D Dusking
20%
H Hucking
20%
J Junking
20%
K Kinking
20%
L Lurking
20%
M Miking
20%
N Narking
20%
N Nicking
20%
P Plucking
20%
P Pranking
20%
Q Quacking
20%
R Rooking
20%
R Rucking
20%
S Sneaking
20%
S Spanking
20%
S Stalking
20%
S Streaking
20%
T Tinking
20%
W Wicking
20%
A Awaking
13%
B Bilking
13%
C Conking
13%
C Corking
13%
D Desking
13%
E Eking
13%
F Flanking
13%
F Flunking
13%
F Franking
13%
F Funking
13%
G Gawking
13%
G Geeking
13%
H Harking
13%
H Hoking
13%
H Hulking
13%
I Irking
13%
J Jerking
13%
J Jinking
13%
J Jucking
13%
J Juking
13%
N Nocking
13%
P Piking
13%
Q Quaking
13%
R Reaking
13%
R Recking
13%
R Ricking
13%
S Slinking
13%
S Spiking
13%
S Stoking
13%
T Toking
13%
T Trekking
13%
T Trucking
13%
W Warking
13%
W Welking
13%
W Whelking
13%
W Woking
13%
Y Yuking
13%
B Bulking
7%
B Burking
7%
C Calking
7%
C Cauking
7%
C Clinking
7%
C Cucking
7%
E Evoking
7%
F Finking
7%
F Flecking
7%
F Forking
7%
G Groking
7%
H Hawking
7%
L Lasking
7%
M Musking
7%
P Panking
7%
P Perking
7%
P Pooking
7%
Q Quicking
7%
R Rebuking
7%
R Remarking
7%
R Revoking
7%
S Sarking
7%
S Shrieking
7%
S Slaking
7%
S Snaking
7%
S Snicking
7%
S Specking
7%
S Spooking
7%
S Stanking
7%
S Starking
7%
S Steaking
7%
S Sulking
7%
S Swanking
7%
T Thicking
7%
T Tonking
7%
T Tunking
7%
T Tusking
7%
U Unpacking
7%
V Voking
7%
Y Yoking
7%
B Borking
0%
B Brisking
0%
C Carking
0%
C Cawking
0%
C Coaking
0%
D Diking
0%
D Dirking
0%
D Disking
0%
F Ferking
0%
F Firking
0%
F Fulking
0%
G Ganking
0%
G Gecking
0%
G Gowking
0%
G Greking
0%
H Howking
0%
I Invoking
0%
J Jauking
0%
J Jouking
0%
K Kecking
0%
K Keeking
0%
L Lirking
0%
L Louking
0%
O Oinking
0%
P Paiking
0%
P Proking
0%
R Rauking
0%
R Restacking
0%
R Rethinking
0%
S Sheiking
0%
S Skinking
0%
S Skulking
0%
T Tranking
0%
T Troking
0%
U Unblocking
0%
U Unking
0%
U Unlocking
0%
U Unmaking
0%
Y Yelking
0%
No matching quizzes found
Score Distribution
Percent of People with Each Score
Percentile by Number Answered
Your Score History
You have not taken this quiz